A history of the American people /

Hlavní autor: Wilson, Woodrow, 1856-1924
Jazyk: Angličtina
Vydáno: New York ; London : Harper & Brothers, 1902
Témata:
Fyzický popis: 5 sv., obr. příl. : il., port., mapy, faksimilie
Odebírané svazky: 1-5
Knihy
Uloženo v:
LEADER 01650nam a22003132aa4500
001 001878501
003 CZ BrMZK
005 20231204130647.0
007 ta
008 231204s1902 xxuabcfer|||||||||||eng d
035 |a (OCoLC)4895551 
040 |a BOA001  |b cze  |e aacr2 
072 7 |a 94(73)  |x Dějiny Spojených států amerických  |2 Konspekt  |9 8 
100 1 |a Wilson, Woodrow,  |d 1856-1924  |7 jn20000701973  |4 aut 
245 1 2 |a A history of the American people /  |c by Woodrow Wilson 
260 |a New York ;  |a London :  |b Harper & Brothers,  |c 1902 
300 |a 5 sv., obr. příl. :  |b il., port., mapy, faksimilie 
504 |a Obsahuje bibliografie 
505 0 |a Vol. I. The swarming of the English, xxv, 349 s. -- Vol. II. Colonies and Nation, xviii, 368 s. -- Vol. III. The founding of the Government, xv, 347 s. -- Vol. IV. Critical Changes and Civil War, xiv, 343 s. -- Vol. V. Reunion and Nationalization, xi, 337 s. 
651 7 |a Spojené státy americké  |7 ge128584  |2 czenas 
910 |a BOA001  |b 2-0207.083  |s 1-5 
990 |a BK 
993 |a Y 
991 |b 202312 
996 6 |b 2618764312  |c 2-0207.083  |d Vol. V.  |v 5  |l MZK  |r Sklad / do 24 hodin  |n 0  |w 001946147  |u 000050  |a 1  |e BOA001  |j MZK50  |s P 
996 6 |b 2618764313  |c 2-0207.083  |d Vol. IV.  |v 4  |l MZK  |r Sklad / do 24 hodin  |n 0  |w 001946147  |u 000040  |a 1  |e BOA001  |j MZK50  |s P 
996 6 |b 2618764314  |c 2-0207.083  |d Vol. III.  |v 3  |l MZK  |r Sklad / do 24 hodin  |n 0  |w 001946147  |u 000030  |a 1  |e BOA001  |j MZK50  |s P 
996 6 |b 2618764315  |c 2-0207.083  |d Vol. II.  |v 2  |l MZK  |r Sklad / do 24 hodin  |n 0  |w 001946147  |u 000020  |a 1  |e BOA001  |j MZK50  |s P 
996 6 |b 2618764316  |c 2-0207.083  |d Vol. I.  |v 1  |l MZK  |r Sklad / do 24 hodin  |n 0  |w 001946147  |u 000010  |a 1  |e BOA001  |j MZK50  |s P